<?xml version="1.0" encoding="UTF-8"?>
<record
    xmlns:xsi="http://www.w3.org/2001/XMLSchema-instance"
    xsi:schemaLocation="http://www.loc.gov/MARC21/slim http://www.loc.gov/standards/marcxml/schema/MARC21slim.xsd"
    xmlns="http://www.loc.gov/MARC21/slim">

  <leader>01379nam a22002057a 4500</leader>
  <controlfield tag="003">OSt</controlfield>
  <controlfield tag="005">20240527104851.0</controlfield>
  <controlfield tag="008">240527s2013    ag ||||| |||| 00| 1 spa d</controlfield>
  <datafield tag="020" ind1=" " ind2=" ">
    <subfield code="a">9789504936701</subfield>
  </datafield>
  <datafield tag="040" ind1=" " ind2=" ">
    <subfield code="c">besoc</subfield>
  </datafield>
  <datafield tag="100" ind1="1" ind2=" ">
    <subfield code="a">Fontanarrosa, Roberto,</subfield>
    <subfield code="d">1944-2007,</subfield>
    <subfield code="e">autor</subfield>
  </datafield>
  <datafield tag="245" ind1="1" ind2="0">
    <subfield code="a">No s&#xE9; si he sido claro :</subfield>
    <subfield code="b">y otros cuentos /</subfield>
    <subfield code="c">Roberto Fontanarrosa</subfield>
  </datafield>
  <datafield tag="250" ind1=" " ind2=" ">
    <subfield code="a">1a ed.</subfield>
  </datafield>
  <datafield tag="260" ind1=" " ind2=" ">
    <subfield code="a">Buenos Aires :</subfield>
    <subfield code="b">Planeta,</subfield>
    <subfield code="c">2013</subfield>
  </datafield>
  <datafield tag="300" ind1=" " ind2=" ">
    <subfield code="a">258 p.</subfield>
  </datafield>
  <datafield tag="490" ind1="0" ind2=" ">
    <subfield code="a">Biblioteca Fontanarrosa Planeta </subfield>
  </datafield>
  <datafield tag="505" ind1="0" ind2=" ">
    <subfield code="a">Una noche inolvidable -- T&#xED;o Eugenio -- La verdad sobre sobre el transbordador Columbia -- Maud emprende el vuelo -- Memorias de una estrella -- La clave nipona -- El camarada Feodorovich -- Toda verdad -- &#xBF;Cu&#xE1;les son las verdaderas intenciones de los cuises? -- Malos augurios -- El cuento fant&#xE1;stico -- El Penani -- Poncio, el profeta (prof. Erem&#xED;as Galimba) -- Yo conoc&#xED; a Yatasto -- Pintura: el premio Iverns Mex -- La se&#xF1;ora de Pelourinho y el ladrillo -- &#xBF;Con qui&#xE9;n hay que hablar? -- Los vencedores de Pisco -- Los sobrevivientes del Carla Pistoia -- Viaje al pa&#xED;s de los Naninga -- Cinco hombres en la caba&#xF1;a -- Los &#xFA;ltimos Salileros -- Un hombre peligroso -- El pich&#xF3;n de Crsito -- Experiencia en el Cairo -- No s&#xE9; si he sido claro -- El tesoro de los cancas -- Sardina.- </subfield>
  </datafield>
  <datafield tag="650" ind1=" " ind2="4">
    <subfield code="a">Literatura argentina</subfield>
    <subfield code="v">Cuentos</subfield>
    <subfield code="y">Siglo XX</subfield>
  </datafield>
  <datafield tag="942" ind1=" " ind2=" ">
    <subfield code="2">udc</subfield>
    <subfield code="c">OG</subfield>
    <subfield code="n">0</subfield>
  </datafield>
  <datafield tag="999" ind1=" " ind2=" ">
    <subfield code="c">252</subfield>
    <subfield code="d">252</subfield>
  </datafield>
  <datafield tag="952" ind1=" " ind2=" ">
    <subfield code="0">0</subfield>
    <subfield code="1">0</subfield>
    <subfield code="2">udc</subfield>
    <subfield code="4">0</subfield>
    <subfield code="7">0</subfield>
    <subfield code="8">CG</subfield>
    <subfield code="a">ESOCIALES</subfield>
    <subfield code="b">ESOCIALES</subfield>
    <subfield code="d">2024-05-27</subfield>
    <subfield code="l">0</subfield>
    <subfield code="o">82-34(821.6) F679</subfield>
    <subfield code="p">000459</subfield>
    <subfield code="r">2024-05-27 00:00:00</subfield>
    <subfield code="w">2024-05-27</subfield>
    <subfield code="y">OG</subfield>
  </datafield>
</record>
